English Premier League - Statistics

General Stats
  • This quiz has been taken 11 times
  • The average score is 17 of 20
Answer Stats
Team % Correct
13 Manchester City
100%
1 Arsenal
88%
2 Aston Villa
88%
6 Burnley
88%
7 Chelsea
88%
8 Crystal Palace
88%
9 Everton
88%
10 Fulham
88%
11 Liverpool
88%
14 Manchester United
88%
18 Tottenham Hotspur
88%
19 West Ham United
88%
20 Wolverhampton Wanderers
88%
3 Bournemouth
75%
4 Brentford
75%
5 Brighton & Hove Albion
75%
12 Luton Town
75%
15 Newcastle United
75%
16 Nottingham Forest
75%
17 Sheffield United
75%
No matching quizzes found
Score Distribution
Percent of People with Each Score
Percentile by Number Answered
Your Score History
You have not taken this quiz